000 00533nam a2200217Ia 4500
003 OSt
005 20221007083013.0
006 a|||||r|||| 00| 0
007 ta
008 221006b |||||||| |||| 00| 0 eng d
024 _a45,731
037 _cDissertations
040 _aFLL
_cFLL
_beng
041 _2eng
_aeng
100 _aBEDI Ishita
_9700054
245 0 _aSocial change through judicial activism
260 _c2018
300 _axii,102p.
_ccm.
942 _cDIS
_2CC
999 _c1168473
_d1168473